The Changing Pakistan society (Record no. 234301)

000 -LEADER
fixed length control field 01045 a2200193 4500
003 - CONTROL NUMBER IDENTIFIER
control field Nust
005 - DATE AND TIME OF LATEST TRANSACTION
control field 20170317111900.0
008 - FIXED-LENGTH DATA ELEMENTS--GENERAL INFORMATION
fixed length control field 170317b xxu||||| |||| 00| 0 eng d
020 ## - INTERNATIONAL STANDARD BOOK NUMBER
International Standard Book Number 9694071186 :
040 ## - CATALOGING SOURCE
Original cataloging agency DLC
Language of cataloging DLC
Transcribing agency 0
082 00 - DEWEY DECIMAL CLASSIFICATION NUMBER
Classification number 306.095491 HAF
100 1# - MAIN ENTRY--PERSONAL NAME
Personal name Hafeez, Sabeeha.
245 14 - TITLE STATEMENT
Title The Changing Pakistan society
Statement of responsibility, etc. Sabeeha Hafeez.
260 ## - PUBLICATION, DISTRIBUTION, ETC.
Place of publication, distribution, etc. Karachi, Pakistan :
Name of publisher, distributor, etc. Royal Book Co.,
Date of publication, distribution, etc. 1991.
300 ## - PHYSICAL DESCRIPTION
Extent xi, 334 p. ;
Dimensions 23 cm.
500 ## - GENERAL NOTE
General note H.B
651 #0 - SUBJECT ADDED ENTRY--GEOGRAPHIC NAME
Geographic name Pakistan
General subdivision Social conditions.
942 ## - ADDED ENTRY ELEMENTS (KOHA)
Koha item type Book
Call number prefix 306.095491 HAF
Source of classification or shelving scheme
Holdings
Withdrawn status Lost status Source of classification or shelving scheme Damaged status Not for loan Collection code Permanent Location Current Location Shelving location Date acquired Total Checkouts Full call number Barcode Date last seen Price effective from Koha item type
            Institute of Environmental Science and Engineering (IESE) Institute of Environmental Science and Engineering (IESE) General Stacks 03/17/2017   306.095491 HAF IESE-1321 03/17/2017 03/17/2017 Book
            Institute of Environmental Science and Engineering (IESE) Institute of Environmental Science and Engineering (IESE) General Stacks 03/17/2017   306.095491 HAF IESE-1320 03/17/2017 03/17/2017 Book
© 2023 Central Library, National University of Sciences and Technology. All Rights Reserved.